Dirigeant par Pays Union Européenne - Statistiques

Statistiques générales
  • Ce quiz a été pris 210 fois
  • Le résultat moyen est 9 sur 27
Réponses sur la Carte
Les réponses sont colorées sur une échelle allant du rouge au vert en fonction du pourcentage des utilisateurs qui les ont devinées à leur premier essai. Vous pouvez retrouver ces pourcentages ci-dessous.
 
Statistiques - réponses
Réponse % Correct
Emmanuel Macron
93%
Son Altesse royale le grand-duc Henri de Luxembourg
75%
Sa Majesté le Roi Felipe VI
74%
Sa Majesté le Roi Philippe
55%
Frank-Walter Steinmeier
52%
Sergio Mattarella
52%
Prokopis Pavlopoulos
47%
Marcelo Rebelo de Sousa
45%
Sa Majesté la Reine Margrethe II
41%
Sa Majesté le Roi Carl XVI Gustaf
40%
Michael D. Higgins
39%
Sa Majesté le Roi Willem-Alexander
38%
Alexander Van der Bellen
30%
Andrzej Duda
30%
Sauli Niinistö
26%
Zoran Milanović
23%
Roumen Radev
22%
Níkos Anastasiádis
21%
Zuzana Čaputová
15%
George Vella
13%
Gitanas Nausėda
13%
Klaus Iohannis
13%
Miloš Zeman
13%
János Áder
12%
Kersti Kaljulaid
12%
Egils Levits
11%
Borut Pahor
7%
Aucun quiz correspondant
Distribution des résultats
% des personnes avec chaque résultat
Percentile par nombre de réponses
Votre historique - résultats
Vous n’avez pas pris ce quiz